| 000 | 00476nam a2200169Ia 4500 | ||
|---|---|---|---|
| 005 | 20250508155409.0 | ||
| 008 | 008 250505s9999 xx 000 0 eng d | ||
| 037 | _aTextual | ||
| 040 |
_aFEDL _beng _cFEDL |
||
| 041 |
_aeng _2eng |
||
| 084 |
_a379.5479, BOM _qFEDL |
||
| 245 | 0 | _aAnnual report on public instruction in Bombay state for the year 1949-50 | |
| 260 | _c1950 | ||
| 300 | _a377p. | ||
| 942 |
_cTEXL _h379.5479, BOM |
||
| 999 |
_c1356458 _d1356458 |
||